[Event "CZE-chT"]
[Site "?"]
[Date "1994.??.??"]
[Round "?"]
[White "Votruba, Pavel"]
[Black "Trichkov, Vasil"]
[Result "0-1"]
[WhiteElo "2370"]
[BlackElo "2415"]

1.Nf3 d5 2.c4 c6 3.b3 Bf5 4.Bb2 Nd7 5.e3 e6 6.Be2 Ngf6 7.Nh4 Bg6 8.O-O Bd6
9.f4 Qe7 10.cxd5 cxd5 11.g3 Bxb1 12.Rxb1 Rc8 13.Nf3 O-O 14.Nd4 a6 15.Bf3 Ba3
16.Ba1 Ne4 17.Bxe4 dxe4 18.d3 Nc5 19.Nc2 Nxd3 20.b4 Rxc2 21.Qxc2 Bxb4 22.Bd4 Qd7
23.Qb3 b5 24.Rfd1 Be7 25.Rd2 Bf6 26.Bxf6 gxf6 27.Qd1 f5 28.Qe2 Qa7 29.Rc2 Qb6
30.Kg2 a5 31.Kh1 Kh8 32.Rg1 Rg8 33.g4 fxg4 34.Rg3 Qd8 35.h3 f5 36.hxg4 fxg4
37.Qh2 Qf6 38.Qh5 Qg7 39.Rh2 b4 40.Rh4 Rc8 41.Kh2 Rc2+ 42.Rg2 Rxg2+ 43.Kxg2 Qb2+
44.Kg1 Qf2+ 45.Kh1 Qf3+ 46.Kg1 Qg3+  0-1

[Event "CZE-chT"]
[Site "?"]
[Date "1994.??.??"]
[Round "?"]
[White "Freisler, Pavel"]
[Black "Koutsin, Sergey"]
[Result "0-1"]
[WhiteElo "2380"]
[BlackElo "2445"]

1.Nf3 d5 2.c4 e6 3.g3 c6 4.b3 Nf6 5.Bg2 Be7 6.O-O O-O 7.Bb2 b6 8.d4 Ba6 9.Nbd2 Nbd7
10.Re1 Rc8 11.e4 Bb7 12.Qe2 Nxe4 13.Nxe4 dxe4 14.Qxe4 Qc7 15.Rad1 Rfe8 16.Qc2 Rcd8
17.Bc1 Qc8 18.Bf4 Qa8 19.Ng5 Nf8 20.Be4 f5 21.Bg2 Bf6 22.Be3 c5 23.Bxb7 Qxb7
24.dxc5 bxc5 25.Nh3 Qc6 26.Nf4 Nd7 27.Nd3 e5 28.Re2 e4 29.Ne1 Nf8 30.Red2 Ne6
31.Rxd8 Rxd8 32.Rxd8+ Bxd8 33.Qd2 Bf6 34.Nc2 Kf7 35.Kf1 g5 36.Qa5 f4 37.Qxa7+ Kg6
38.gxf4 gxf4 39.Bc1 e3  0-1

[Event "Djakovo op"]
[Site "Djakovo"]
[Date "1994.??.??"]
[Round "8"]
[White "Lisenko, Alexander V"]
[Black "Khudiakov, Igor"]
[Result "1/2-1/2"]
[WhiteElo "2415"]
[BlackElo "2410"]

1.Nf3 d5 2.c4 c6 3.b3 Bf5 4.Bb2 e6 5.g3 Nf6 6.Bg2 h6 7.d3 Bc5 8.O-O O-O 9.Nbd2 a5
10.a3 Qe7 11.Ra2 Nbd7 12.Qa1 Bh7 13.Ne5 Nxe5 14.Bxe5 Ne8 15.Bc3 f6 16.d4 Bb6
17.e4 Qd7 18.Re1 Rd8 19.exd5 exd5 20.b4 axb4 21.Bxb4 Rf7 22.cxd5 cxd5 23.Qc3 Nc7
24.Nb3 Nb5 25.Qe3 Bg6 26.Rae2 Kh7 27.Qd2 Qf5 28.Nc5 Bxc5 29.Bxc5 Nd6 30.Qa5 Rfd7
31.Bxd6 Rxd6 32.Re7 R6d7 33.h3 h5 34.Rxd7 Qxd7 35.Qc5 Qd6 36.Rc1 b6 37.Qxd6 Rxd6
38.Rc7 Be4 39.Bf1 Kh6 40.Bb5 Re6 41.f4 Bf5 42.Kf2 Bxh3 43.Rd7 Bg4 44.Rxd5 Re7
45.Rd6 Ra7 46.a4 Bd1 47.Rxb6 Bxa4 48.Ra6 Rxa6 49.Bxa6 g5 50.d5 Kg6 51.Bc8 Kf7
52.d6 Ke8 53.Bf5 Kd8  1/2-1/2

[Event "Djakovo op"]
[Site "Djakovo"]
[Date "1994.??.??"]
[Round "8"]
[White "Petek Medic, Mirjana"]
[Black "Kutuzovic, Branko"]
[Result "0-1"]
[WhiteElo "2285"]
[BlackElo "2365"]

1.Nf3 d5 2.c4 d4 3.d3 g6 4.g3 Bg7 5.Bg2 e5 6.O-O Ne7 7.Bd2 a5 8.Qc1 h6 9.Na3 c5
10.b3 g5 11.Nb5 O-O 12.a3 Nec6 13.Rb1 Na6 14.h4 f6 15.hxg5 hxg5 16.Nxg5 fxg5
17.Bd5+ Kh7 18.Kg2 Kg6 19.Rh1 Qf6 20.f3 Bf5 21.Qc2 Ne7 22.Bxb7 Rab8 23.Bxa6 Qxa6
24.g4 Bxg4 25.Rbg1 Qc6 26.Kf2 Rxf3+ 27.Ke1 Rg3  0-1

[Event "Dresden op"]
[Site "Dresden"]
[Date "1994.??.??"]
[Round "?"]
[White "Fridman, Daniel"]
[Black "Gabriel, Christian"]
[Result "1/2-1/2"]
[WhiteElo "2440"]
[BlackElo "2545"]

1.Nf3 d5 2.c4 e6 3.g3 Nf6 4.Bg2 Be7 5.O-O O-O 6.d4 c6 7.Qc2 Nbd7 8.Rd1 b6
9.b3 Bb7 10.Nc3 Rc8 11.e4 c5 12.exd5 exd5 13.dxc5 dxc4 14.b4 bxc5 15.b5 Qb6
16.Bf4 Rfd8 17.Qe2 Qe6 18.Qc2 Bxf3 19.Bxf3 Ne5 20.Bxe5 Rxd1+ 21.Rxd1 Qxe5
22.Ne2 Rd8 23.Rxd8+ Bxd8 24.Qxc4 Ne8 25.Qd5  1/2-1/2

[Event "RUS-ch (Women)"]
[Site "Elista"]
[Date "1994.??.??"]
[Round "?"]
[White "Shumiakina, Tatiana"]
[Black "Salakhova, Gulnar"]
[Result "1-0"]
[WhiteElo "2315"]
[BlackElo "2125"]

1.Nf3 d5 2.c4 dxc4 3.Qa4+ Nd7 4.g3 a6 5.Qxc4 b5 6.Qb3 Bb7 7.Bg2 e6 8.d4 Ngf6
9.a4 Bd5 10.Qc2 c5 11.O-O cxd4 12.Nxd4 Rc8 13.Qd1 Bxg2 14.Kxg2 b4 15.Nd2 e5
16.Nf5 g6 17.Ne3 Bg7 18.Ndc4 O-O 19.a5 Qc7 20.Qe1 Rb8 21.Kg1 Nc5 22.Bd2 b3
23.Bb4 Rb5 24.Rc1 Rd8 25.Na3 Rxb4 26.Qxb4 Bf8 27.Qb6 Qxb6 28.axb6 Rb8 29.Nac4 Na4
30.Ra1 Nxb6 31.Rxa6 Nfd7 32.Nxb6 Nxb6 33.Rc1 e4 34.Rc6 Nd7 35.Rc7 Ne5 36.Ra5 Bd6
37.Rc1 Kg7 38.Rd5 Rb6 39.Rd4 f5 40.Nd5 Ra6 41.Nc7 Bxc7 42.Rxc7+ Kf6 43.Rb4 Ra1+
44.Kg2 Re1 45.h4 Ng4 46.e3 Ke6 47.Rb6+ Kd5 48.Rc3 Re2 49.Rbxb3 Rxf2+ 50.Kg1 Rf3
51.Kg2 Rf2+ 52.Kg1 Rf3 53.Ra3 Rxg3+ 54.Kf1 Rf3+ 55.Ke1 Rh3 56.b4 Rxh4 57.Ra6 Rh1+
58.Kd2 Rh2+ 59.Kc1 Nxe3 60.Rc5+ Kd4 61.Rd6+ Nd5 62.Rdxd5+ Ke3 63.b5 Rh1+
64.Rd1 Rh6 65.Rc6 Rh5 66.b6 f4 67.Rc3+ Kf2 68.Rc2+ Kf3 69.b7 Rb5 70.Rb2 Rxb7
71.Rxb7  1-0

[Event "RUS-ch (Women)"]
[Site "Elista"]
[Date "1994.??.??"]
[Round "?"]
[White "Titorenko, Natalia I"]
[Black "Minogina, Tanam"]
[Result "1/2-1/2"]
[WhiteElo "2100"]
[BlackElo "2250"]

1.Nf3 d5 2.c4 e6 3.g3 Nd7 4.b3 a5 5.cxd5 exd5 6.Nc3 Ngf6 7.Bg2 c6 8.O-O Bd6
9.Bb2 O-O 10.Qc2 Re8 11.d3 Nb6 12.e3 Bg4 13.h3 Bd7 14.Ne2 a4 15.Nf4 h6 16.Bd4 Bf5
17.Rab1 a3 18.b4 Nbd7 19.Rb3 Ra4 20.Bc5 Nxc5 21.bxc5 Rc4 22.Qb1 Rxc5 23.Nd4 Bc8
24.Rxa3 Ra5 25.Rxa5 Qxa5 26.Qb3 Nd7 27.Rb1 Nc5 28.Qc2 Qa6 29.Nb3 Nxb3 30.Rxb3 Bf5
31.Ne2 Be5 32.Qb1 Ra8 33.Nc1 Qa5 34.Rxb7 Qe1+ 35.Bf1 Bxh3 36.Ne2 Qxb1 37.Rxb1 Bxf1
38.Kxf1 Rxa2 39.d4 Bd6 40.Rc1 Ra6 41.Kg2 Kf8 42.Kf3 Ke7 43.Nf4 Kd7 44.Nh5 Bf8
45.Nf4 Ra2 46.g4 Ra6 47.Nh5 Ke6 48.Rb1 g6 49.Nf4+ Kf6 50.Rh1 Kg7 51.Ne2 Bd6
52.Ng3 Rb6 53.Ne2 Ba3 54.Ra1 Bd6 55.Rh1 Be7 56.Nf4 Ba3 57.Ne2 Bd6 58.Ng3 Rb7
59.Rc1 Rc7 60.Ne2 Kf6 61.Nf4 Kg7 62.Rh1 Ra7 63.Rc1 Ra6 64.Ne2 Kf6 65.Nf4 g5
66.Nh5+ Kg6 67.Ng3 Bxg3 68.fxg3 f6 69.Rc2 h5 70.gxh5+ Kxh5 71.Rh2+ Kg6 72.Rc2 Kf5
73.g4+ Ke6 74.Rc1 Kd6 75.Rc2 Ra5 76.Rb2 c5 77.Rb6+ Ke7 78.Rb7+ Ke6 79.Rb6+ Kf7
80.Rb7+ Kg6 81.dxc5 Rxc5 82.Rd7 Ra5 83.Kg3 Ra3 84.Kf2 Ra5 85.Kg3 Kh6 86.Kf3 Rb5
87.Kg3 Rb3 88.Kf3  1/2-1/2

[Event "Petrosian mem"]
[Site "Erevan"]
[Date "1994.??.??"]
[Round "?"]
[White "Taimanov, Mark E"]
[Black "Vasiukov, Evgeni"]
[Result "1/2-1/2"]
[WhiteElo "2505"]
[BlackElo "2505"]

1.Nf3 d5 2.c4 c6 3.e3 Nf6 4.b3 Bg4 5.Bb2 e6 6.Be2 Nbd7 7.O-O Bd6 8.h3 Bxf3
9.Bxf3 Qe7 10.Nc3 h5 11.d4 g5 12.cxd5 cxd5 13.e4 dxe4 14.Bxe4 O-O-O 15.Nb5 Nxe4
16.Qc2+ Kb8 17.Qxe4 Nf6 18.Qe1 Nd5 19.Nxd6 Qxd6 20.Qe5 f6 21.Qxd6+ Rxd6 22.Rac1 Rc8
23.Rc4 Ra6 24.Rfc1 Rxc4 25.bxc4 Nb4 26.Rd1 Rxa2 27.Bc3 Na6 28.Rc1 b6 29.g3 Kc8
30.f4 gxf4 31.gxf4 f5 32.d5 Nc5 33.dxe6 Nxe6 34.Be5 Re2 35.Ra1 Re4 36.Rxa7 Rxc4
37.Rf7 Nxf4 38.Rxf5 Ng6 39.Rxh5 Rc5 40.Rh6 Nxe5 41.Rxb6  1/2-1/2

[Event "EUCup Gr1"]
[Site "Eupen"]
[Date "1994.??.??"]
[Round "?"]
[White "Fauland, Alexander"]
[Black "Ruban, Evgeny"]
[Result "1-0"]
[WhiteElo "2415"]
[BlackElo "2325"]

1.Nf3 d5 2.c4 e6 3.g3 dxc4 4.Qa4+ Nd7 5.Bg2 c5 6.Qxc4 Ngf6 7.O-O b6 8.b3 Bb7
9.Bb2 Be7 10.d3 O-O 11.Nbd2 Rc8 12.e4 Nb8 13.Qc2 Nc6 14.Ne1 Qd7 15.Nc4 Rfd8
16.f4 Ne8 17.Qe2 Bf6 18.e5 Be7 19.g4 Nd4 20.Qf2 Bxg2 21.Nxg2 b5 22.Nce3 f5
23.exf6 Nxf6 24.Rae1 Rf8 25.h3 Bd6 26.Qh4 Qb7 27.g5 Ne8 28.Qg4 Nc7 29.Bxd4 cxd4
30.Nd1 Qd5 31.Nh4 g6 32.Re4 Rf7 33.Ng2 Qf5 34.Qg3 Rcf8 35.Nf2 h5 36.Nh4 Qxf4
37.Rxf4 Bxf4 38.Qg2 Be3 39.Qe4 Bxf2+ 40.Rxf2 Rxf2 41.Qxg6+ Kh8 42.Qh6+ Kg8
43.g6 Rf1+ 44.Kh2 R8f2+ 45.Kg3 Ne8 46.Qh7+ Kf8 47.Qh8+ Ke7 48.g7 Nf6 49.Ng6+ Kd7
50.g8=Q Nxg8 51.Qxg8 Rxa2 52.Qg7+ Kc6 53.Qxd4  1-0

[Event "Formia op"]
[Site "Formia"]
[Date "1994.??.??"]
[Round "5"]
[White "Djuric, Stefan"]
[Black "Palac, Mladen"]
[Result "1/2-1/2"]
[WhiteElo "2480"]
[BlackElo "2505"]

1.Nf3 d5 2.c4 c6 3.e3 Nf6 4.b3 Bg4 5.h3 Bxf3 6.Qxf3 g6 7.cxd5 cxd5 8.Bb5+ Nbd7
9.Bb2 Bg7 10.O-O a6 11.Bxd7+ Qxd7 12.Rc1 O-O 13.Nc3 Rac8 14.Ne2 Ne4 15.Bxg7 Kxg7  1/2-1/2

[Event "Formia op"]
[Site "Formia"]
[Date "1994.??.??"]
[Round "8"]
[White "Loeffler, Stefan"]
[Black "Dizdarevic, Emir"]
[Result "1/2-1/2"]
[WhiteElo "2440"]
[BlackElo "2515"]

1.Nf3 d5 2.c4 d4 3.g3 g6 4.b4 Bg7 5.Bb2 e5 6.d3 Ne7 7.Nbd2 O-O 8.Nb3 b6 9.Bg2 Bb7
10.O-O Nd7 11.Qd2 Rb8 12.Rfe1 Re8 13.a4 c5 14.a5 e4 15.dxe4 Bxe4 16.axb6 axb6
17.Qf4 Nf5 18.Ra7 Rb7 19.Rxb7 Bxb7 20.Qc1 Qa8 21.bxc5 bxc5 22.Qd2 Qa2 23.Bxd4 Qxd2
24.Nfxd2 Nxd4 25.Bxb7 Rxe2 26.Rxe2 Nxe2+ 27.Kf1 Nd4 28.Nxd4 Bxd4 29.Nb3 Kf8
30.Ke2 Ke7 31.Bc6 Ne5 32.Bd5 f5 33.f4 Ng4 34.h3 Nf6 35.Nxd4 cxd4 36.Kd3 Nh5
37.Kxd4 Nxg3 38.Ke5 Ne2 39.c5 h6 40.h4 Nc3 41.Bf3 h5 42.Bc6 Nd1 43.Bb5 Nc3
44.Bc4 Ne4 45.c6 Nf6 46.Bb5 Ne8 47.Kd5 Kd8 48.Ba4 Kc7 49.Ke6 Nd6 50.Kf6 Ne4+
51.Kxg6 Nc5 52.Bb5 Ne6 53.Kxf5 Nd4+ 54.Kg6 Nxb5 55.Kxh5 Kxc6 56.Kg6 Kd7 57.h5 Ke7
58.h6 Nd6 59.h7 Nf7 60.Kg7  1/2-1/2

[Event "FRA-chT "]
[Site "FRA"]
[Date "1994.??.??"]
[Round "2"]
[White "Adrian, Claude"]
[Black "Mitkov, Nikola"]
[Result "1/2-1/2"]
[WhiteElo "2260"]
[BlackElo "2470"]

1.Nf3 d5 2.c4 e6 3.d4 Nf6 4.g3 Nc6 5.Bg2 dxc4 6.O-O Rb8 7.e3 b5 8.Qe2 Be7
9.b3 cxb3 10.axb3 O-O 11.Rd1 a6 12.Ne5 Nxe5 13.dxe5 Nd7 14.Bc6 Rb6 15.Qc2 f6
16.Bb2 fxe5 17.Be4 h6 18.Bxe5 Bd6 19.Bh7+ Kh8 20.Bxg7+ Kxg7 21.Qg6+ Kh8 22.Qxh6 Rf7
23.Bg6+ Kg8 24.Bxf7+ Kxf7 25.Qh7+ Kf8 26.Qh8+ Ke7 27.Qg7+ Ke8 28.Qg6+ Kf8
29.Qh6+ Kf7 30.Qh7+  1/2-1/2

[Event "FRA-chT "]
[Site "FRA"]
[Date "1994.??.??"]
[Round "6"]
[White "Giffard, Nicolas"]
[Black "Hagege, Gerard"]
[Result "1/2-1/2"]
[WhiteElo "2440"]
[BlackElo "2050"]

1.Nf3 d5 2.c4 c6 3.d4 e6 4.Qc2 Nf6 5.Bg5 h6 6.Bxf6 Qxf6 7.e4 dxe4 8.Qxe4 Bb4+
9.Nc3 c5 10.Bd3 cxd4 11.Nxd4 Bxc3+ 12.bxc3 a6 13.O-O Nd7 14.Bc2 Nc5 15.Qe3 O-O
16.Nb3 Na4 17.Nd4 Nc5 18.Rad1 Qe7 19.Nb3 Nd7 20.Rd2 Nf6 21.Qb6 Bd7 22.Qxb7 Rfb8
23.Qf3 Rc8 24.Rfd1 Bc6 25.Qe2 a5 26.Nd4 Bb7 27.Nf5 Qc5 28.Nd6 Qc6 29.f3 Rcb8
30.Kh1 Ba6 31.Qe5 Bxc4 32.Nxc4 Qxc4 33.Qxb8+ Rxb8 34.Rd8+ Ne8 35.Rxb8 Qc6
36.Rdd8 g6 37.Rxe8+ Kg7 38.Rec8 Qd5 39.h3 Qd2 40.Be4 Qc1+ 41.Kh2 Qf4+ 42.Kg1  1/2-1/2

[Event "FRA-chT "]
[Site "FRA"]
[Date "1994.??.??"]
[Round "7"]
[White "San Marco, Bruno"]
[Black "Nora, G."]
[Result "1-0"]
[WhiteElo "2240"]
[BlackElo "2160"]

1.Nf3 d5 2.c4 e6 3.g3 Nf6 4.Bg2 Be7 5.O-O O-O 6.d4 Nbd7 7.Qc2 c6 8.Nbd2 b6
9.b3 Bb7 10.Bb2 Rc8 11.Rac1 c5 12.Qb1 Rc7 13.cxd5 Bxd5 14.e4 Bb7 15.Rfe1 cxd4
16.Nxd4 Rxc1 17.Rxc1 Qa8 18.a3 Rc8 19.f3 Rxc1+ 20.Qxc1 Qc8 21.Qxc8+ Bxc8
22.b4 Bb7 23.Bf1 Kf8 24.Bb5 Nb8 25.Kf2 a6 26.Bf1 Nfd7 27.N4b3 Bf6 28.Bxf6 gxf6
29.Ke3 Ke7 30.Nd4 b5 31.N2b3 Nc6 32.Nxc6+ Bxc6 33.Nd4 Bb7 34.Nb3 Kd6 35.Na5 Bc8
36.Bd3 h6 37.Bc2 Nf8 38.Bb3 Nd7 39.f4 Nb8 40.Bd1 Nd7 41.Bh5 Ke7 42.Nc6+ Ke8
43.Kd4 Nb6 44.Kc5 Nc4 45.a4 Bd7 46.axb5 axb5 47.Nb8 Nd2 48.Kd6 Nxe4+ 49.Kc7 Nc3
50.Bf3 Na2 51.Nxd7 Ke7 52.Nb8 Nxb4 53.Nc6+ Nxc6 54.Kxc6 b4 55.Bd1 f5 56.Kc5 Kf6
57.Kxb4 Kg6 58.Kc5 h5 59.Kd6  1-0

[Event "Geneve op"]
[Site "Geneve"]
[Date "1994.??.??"]
[Round "8"]
[White "Gheorghiu, Florin"]
[Black "Krasenkow, Michal"]
[Result "0-1"]
[WhiteElo "2465"]
[BlackElo "2565"]

1.Nf3 d5 2.c4 e6 3.d4 Nf6 4.Nc3 Nbd7 5.cxd5 exd5 6.Bg5 Bb4 7.Rc1 c6 8.a3 Bd6
9.g3 O-O 10.Bg2 h6 11.Bxf6 Nxf6 12.O-O Re8 13.e3 Bf5 14.Re1 Qd7 15.Nd2 Re7
16.Na4 h5 17.Nc5 Qc7 18.Nf3 Bg4 19.h3 Bf5 20.Nh4 Bh7 21.Qf3 Qc8 22.Qd1 Be4
23.Nd3 Bxd3 24.Qxd3 Ne4 25.Qe2 g6 26.Nf3 Qe6 27.Nd2 f5 28.Nf1 h4 29.g4 Rf8
30.f3 Ng3 31.Qd3 fxg4 32.fxg4 Nxf1 33.Bxf1 Rf3 34.Rc3 Bc7 35.Bg2 Qd6 36.Bxf3 Qg3+
37.Bg2 Qxe1+ 38.Qf1 Qg3 39.e4 Qh2+ 40.Kf2 dxe4 41.Ke2 Bb6 42.Kd1 Rf7  0-1

[Event "Hessenliga"]
[Site "Germany"]
[Date "1994.??.??"]
[Round "?"]
[White "Schnelzer, Reinhard"]
[Black "Kuech, Holger"]
[Result "0-1"]
[WhiteElo "2285"]
[BlackElo "2230"]

1.Nf3 d5 2.c4 c6 3.g3 Nf6 4.Bg2 Bg4 5.h3 Bh5 6.cxd5 cxd5 7.Qb3 Qc7 8.Nc3 e6
9.d3 Bc5 10.Bf4 Qb6 11.Qxb6 Bxb6 12.g4 Bg6 13.Ne5 Nbd7 14.Nxg6 hxg6 15.O-O Ke7
16.e4 d4 17.e5 dxc3 18.exf6+ Nxf6 19.bxc3 Nd5 20.Bd2 Ba5 21.Rab1 b6 22.c4 Bxd2
23.cxd5 exd5 24.Rfd1 Bf4 25.Bxd5 Rad8 26.Bg2 Rd4 27.Re1+ Kd6 28.Re4 Be5 29.Rb5 Rxe4
30.dxe4 Rc8 31.Rd5+ Ke6 32.Rd2 Bf4 33.Rb2 Rc1+ 34.Bf1 Ke5 35.f3 Be3+ 36.Kg2 g5
37.Rb5+ Bc5 38.Rb2 Kf4 39.Rd2 f6 40.Re2 Be3 41.Rb2 a5 42.Be2 Bc5 43.a4 Ra1
44.Bb5 Rg1+ 45.Kh2 Kxf3 46.Bc6 Kf4 47.Rc2 Rd1 48.Kg2 Ke3 49.Rb2 Kd3 50.Ra2 Kc3
51.Bd5 Bd6 52.Bc6 Rd3 53.Rf2 Rg3+ 54.Kf1 Rxh3 55.Ke2 Kd4 56.Rf1 Bf4 57.Rf3 Rh2+
58.Rf2 Rh4 59.Rg2 Kc5 60.Bb5 Rh3 61.Kd1 Rc3 62.Rc2 Rxc2 63.Kxc2 Kd4 64.Bc6 Ke3
65.Kc3 Be5+ 66.Kc4 Kf4  0-1

[Event "Oberliga Ost B9394"]
[Site "Germany"]
[Date "1994.??.??"]
[Round "?"]
[White "Schoebel, Wolfgang"]
[Black "Schaefer, Michael"]
[Result "0-1"]
[WhiteElo "2220"]
[BlackElo "2215"]

1.Nf3 d5 2.c4 c6 3.d4 e6 4.Nbd2 Nf6 5.g3 Be7 6.Bg2 O-O 7.O-O b5 8.cxb5 cxb5
9.Ne5 Bb7 10.a4 Nc6 11.Ndf3 a6 12.Nxc6 Bxc6 13.Ne5 Be8 14.a5 Ne4 15.f3 Nd6
16.Nd3 Nc4 17.Qe1 Rc8 18.b3 Nd6 19.Ba3 Nf5 20.Bxe7 Qxe7 21.e3 Bd7 22.g4 Nh4
23.Rf2 Nxg2 24.Rxg2 Rc7 25.Nc5 Bc8 26.Rc1 e5 27.b4 Re8 28.Qd2 exd4 29.exd4 Qf6
30.Rf1 Rce7 31.g5 Qd6 32.Rgf2 Qg6 33.Qf4 Bh3 34.Qg3 Bxf1 35.Kxf1 Qb1+ 36.Kg2 Qxb4
37.Nxa6 Qxa5 38.Nc5 Qc3 39.Qf4 b4 40.Na4 Qa3 41.Nb6 Qa5 42.Qd6 Re6 43.Qxd5 Qxb6  0-1

[Event "BL2-N9394"]
[Site "Germany"]
[Date "1994.??.??"]
[Round "?"]
[White "Hausner, Ivan"]
[Black "Blatny, Pavel"]
[Result "1/2-1/2"]
[WhiteElo "2480"]
[BlackElo "2525"]

1.Nf3 d5 2.c4 c6 3.cxd5 cxd5 4.d4 Nc6 5.Nc3 Nf6 6.Bf4 Bf5 7.e3 e6 8.Bb5 Nd7
9.Qa4 Qb6 10.O-O Be7 11.e4 Bxe4 12.Nxe4 dxe4 13.Nd2 O-O 14.Be3 Qd8 15.Bxc6 Nb6
16.Qc2 Rc8 17.Qxe4 Rxc6 18.Nf3 Qd5 19.Qxd5 Nxd5 20.Rfc1 Rfc8 21.Ne5 Rc2 22.Rxc2 Rxc2
23.Bc1 Bf6 24.Kf1 h5 25.a3 Ne7 26.Nf3 Nf5 27.Ne1 Rc8 28.Be3 Nxd4 29.Rd1 Rd8
30.Nd3 Nc6 31.Ke2 Rd5 32.Rc1 a5 33.a4 g6 34.b3 Bd4 35.Nc5 Bxc5 36.Rxc5 f5
37.Rxd5 exd5 38.Kd3 Kf7 39.f4 Nb4+ 40.Kd2 Ke6 41.Bb6 Nc6 42.Kc3 Kf6 43.h4 Ke6
44.Kd3 Kd7 45.Ke3 Kd6 46.Kd3 Nb4+ 47.Kc3 Nc6 48.Kd3 Ke6 49.Kc3 Kd7 50.Kd3 Kd6
51.Kc3 Ke7 52.Kd3 Kf7 53.Kc3 Ke8 54.Kd3 Kf8 55.Kc3 Kf7 56.Kd3 Ke7 57.Kc3 Kf8
58.Kd3 Ke8 59.Kc3 Ke7 60.Kd3 Kd7 61.Kc3 Ke6 62.Kd3 Nb4+ 63.Kc3 Nc6 64.Kd3 Nb4+
65.Kc3 Nc6  1/2-1/2

[Event "BL2-N9394"]
[Site "Germany"]
[Date "1994.??.??"]
[Round "?"]
[White "Hutters, Tomas"]
[Black "Kalinitschew, Sergey"]
[Result "1/2-1/2"]
[WhiteElo "2420"]
[BlackElo "2495"]

1.Nf3 d5 2.c4 d4 3.g3 Nc6 4.Bg2 e5 5.O-O a5 6.d3 Nf6 7.e3 Be7 8.exd4 exd4
9.Na3 O-O 10.Nb5 Bf5 11.Bf4 Rc8 12.Ne5 Nxe5 13.Bxe5 Nd7 14.Nxd4 Bg6 15.Nf3 Nxe5
16.Nxe5 Qd4  1/2-1/2

[Event "BL2-N9394"]
[Site "Germany"]
[Date "1994.??.??"]
[Round "?"]
[White "Jaehnisch, Frank"]
[Black "Schnabel, Ralf"]
[Result "1/2-1/2"]
[WhiteElo "2285"]
[BlackElo "2225"]

1.Nf3 d5 2.c4 Nf6 3.cxd5 Nxd5 4.e4 Nb6 5.d4 g6 6.Be3 Bg7 7.Nbd2 O-O 8.a4 f5
9.a5 f4 10.axb6 cxb6 11.Bc4+ e6 12.O-O Nc6 13.e5 Na5 14.Ba2 Qe7 15.Ne4 fxe3
16.fxe3 Bd7 17.Nd6 Kh8 18.Qd2 Rab8 19.e4 Nc6 20.Ng5 h6 21.Nxe6 Bxe6 22.Bxe6 Qxe6
23.d5 Qe7 24.dxc6 bxc6 25.e6 Rxf1+ 26.Kxf1 a5 27.Nf7+ Kh7 28.Qd7 Re8 29.Nd6 Qxd7
30.exd7 Rd8 31.Nc4 Rxd7 32.Nxb6 Rb7 33.Nc4 Bxb2 34.Nxb2 Rxb2 35.Rxa5 Kg7
36.Rc5 Rb6 37.Kf2 Kf6 38.h4 Ke6 39.h5 Kd6 40.Ra5 g5 41.Rf5 Ke6 42.Kf3 Rb3+
43.Kf2 g4 44.Rc5 Kd6 45.Rf5 Ke6 46.Rc5 Kd7 47.Rf5 Ke6  1/2-1/2

[Event "BL2-N9394"]
[Site "Germany"]
[Date "1994.??.??"]
[Round "?"]
[White "Klostermann, Markus"]
[Black "Schnabel, Ralf"]
[Result "1-0"]
[WhiteElo "2300"]
[BlackElo "2225"]

1.Nf3 d5 2.c4 Nf6 3.cxd5 Nxd5 4.b3 Bf5 5.Bb2 e6 6.g3 c6 7.Bg2 Nd7 8.O-O N5f6
9.d3 Be7 10.Nbd2 O-O 11.a3 Re8 12.b4 Bg4 13.h3 Bxf3 14.Bxf3 Nd5 15.Qb3 Bf6
16.Rfc1 Bxb2 17.Qxb2 Qf6 18.Rab1 Qxb2 19.Rxb2 Kf8 20.d4 Nc7 21.a4 a6 22.Nc4 Ke7
23.e4 Nf6 24.e5 Nfd5 25.Nd6 Reb8 26.b5 axb5 27.axb5 cxb5 28.Nxb5 Ne8 29.Bxd5 exd5
30.Rc5 Ke6 31.Nc3 b6 32.Rc6+ Kd7 33.Rcxb6 Rxb6 34.Rxb6 Ra1+ 35.Kg2 Ra5 36.Rb5 Rxb5
37.Nxb5 Kc6 38.Nc3 Nc7 39.Kf3 Ne6 40.Ke3 Ng5 41.h4 Ne6 42.f4 g6 43.g4 Ng7
44.Kf3 h5 45.Kg3 hxg4 46.Kxg4 Nf5 47.h5 Ne3+ 48.Kf3 Nf5 49.Kg4 Ne3+ 50.Kg5 gxh5
51.Kxh5 Nf5 52.Ne2 Kd7 53.Kg4 Ke6 54.Kg5 Ne3 55.Ng3 Nc2 56.f5+ Ke7 57.Ne2 Ne1
58.Kh6 Kf8 59.Kg5 Ke7 60.Kh5 Nc2 61.Kg4 Ne3+ 62.Kf4 Nc2 63.Kg5 Ne1 64.f6+ Kd7
65.Kh6 Nf3 66.Kg7 Ke8 67.e6 Ng5 68.exf7+ Nxf7 69.Ng3 Nd6 70.Kg8 Nf7 71.Nf5 Ng5
72.Ng7+ Kd7 73.f7  1-0

[Event "BL2-N9394"]
[Site "Germany"]
[Date "1994.??.??"]
[Round "?"]
[White "Marschner, Juergen"]
[Black "Slobodjan, Roman"]
[Result "1-0"]
[WhiteElo "2305"]
[BlackElo "2440"]

1.Nf3 d5 2.c4 e6 3.g3 c6 4.Bg2 Nd7 5.O-O Ngf6 6.b3 a5 7.a3 Be7 8.Bb2 O-O
9.d3 b5 10.Nbd2 Ba6 11.Rc1 Rc8 12.Rc2 Qb6 13.Qa1 Rfd8 14.Rfc1 c5 15.e3 Bb7
16.a4 dxc4 17.dxc4 bxa4 18.bxa4 Nb8 19.Rb1 Qa7 20.Bc3 Bc6 21.Rcb2 Qa8 22.Rb6 Ne4
23.Rxc6 Nxc6 24.Nxe4 f6 25.Bxf6 gxf6 26.Nxf6+ Bxf6 27.Qxf6 Qa7 28.Ng5 Rb8
29.Rxb8 Nxb8 30.Qxd8+  1-0

[Event "BL2-N9394"]
[Site "Germany"]
[Date "1994.??.??"]
[Round "?"]
[White "Schirm, Friedmar"]
[Black "Pekarek, Ales"]
[Result "1/2-1/2"]
[WhiteElo "2295"]
[BlackElo "2415"]

1.Nf3 d5 2.c4 c6 3.b3 Nf6 4.Bb2 Nbd7 5.g3 Qb6 6.cxd5 cxd5 7.Bg2 e5 8.O-O Bd6
9.d4 e4 10.Ne5 O-O 11.Nc3 Re8 12.Na4 Qd8 13.Nxd7 Qxd7 14.e3 Qe7 15.Nc3 Bd7
16.Rc1 Rec8 17.Rc2 b5 18.Qe2 b4 19.Nb1 Rxc2 20.Qxc2 a5 21.Nd2 h5 22.Rc1 h4
23.Qd1 hxg3 24.hxg3 Ng4 25.Rc2 Qf6 26.Nf1 Qh6 27.Qc1 a4 28.bxa4 Qf6 29.Bh3 Qd8
30.Kg2 Nf6 31.Bxd7 Qxd7 32.a3 bxa3 33.Bxa3 Bxa3 34.Qxa3 Nh7 35.Nh2 Ng5 36.g4 Qe6
37.Qc1 Ra6 38.Rc8+ Kh7 39.Qc7 Nf3 40.Rb8 Rd6 41.Qc8 Ne1+ 42.Kf1 Qxc8 43.Rxc8 Nd3
44.Rc2 Rb6 45.Ra2 Rb1+ 46.Kg2 Nb4 47.Ra3 Nc2 48.Ra2 Nb4 49.Ra3 Nc2  1/2-1/2

[Event "BL2-N9394"]
[Site "Germany"]
[Date "1994.??.??"]
[Round "?"]
[White "Schlemmermeyer, Wilhelm"]
[Black "Bach, Matthias"]
[Result "1-0"]
[WhiteElo "2345"]
[BlackElo "2300"]

1.Nf3 d5 2.c4 e6 3.g3 Nf6 4.b3 c5 5.Bg2 Be7 6.O-O O-O 7.e3 Nc6 8.Bb2 d4 9.exd4 cxd4
10.Re1 Bc5 11.a3 a5 12.d3 Re8 13.Ne5 Nxe5 14.Rxe5 Nd7 15.Re1 e5 16.Nd2 f5
17.Nf3 Ra6 18.Qd2 Qb6 19.Rab1 Qd6 20.Bc1 Bxa3 21.Bxa3 Qxa3 22.Nxd4 Nf6 23.Nb5 Qc5
24.Ra1 Qb6 25.Qe3 Qd8 26.Qc5 Qe7 27.Qxe7 Rxe7 28.d4 e4 29.d5 Bd7 30.Nd4 Kf7
31.Ra2 g5 32.Rea1 e3 33.fxe3 Rxe3 34.Rf1 Kg6 35.Bh3 g4 36.Bg2 Rd3 37.Nxf5 Bxf5
38.Raf2 Rf3 39.Bxf3 gxf3 40.Rxf3 Bg4 41.Rf4 Bh3 42.Ra1 Nd7 43.Re1 Rb6 44.Re8 Nf6
45.Rf8 Kg7 46.c5 Kxf8 47.cxb6 Kf7 48.Ra4 Nxd5 49.Rxa5 Be6 50.Rc5 Kf6 51.Kf2 Ke5
52.Ra5 Kd6 53.Kf3 Bf7 54.Ra8 Nxb6 55.Rd8+ Ke7 56.Rh8 h5 57.b4 Nd5 58.Rb8 b6
59.Ke4 Kd6 60.Kd4  1-0

[Event "BL2-N9394"]
[Site "Germany"]
[Date "1994.??.??"]
[Round "?"]
[White "Weyrich, Morten"]
[Black "Slobodjan, Roman"]
[Result "0-1"]
[WhiteElo "2375"]
[BlackElo "2440"]

1.Nf3 d5 2.c4 c6 3.g3 Nf6 4.Bg2 dxc4 5.a4 Bf5 6.Na3 Qd5 7.Nh4 Be4 8.f3 Bg6
9.Nxg6 hxg6 10.Qc2 e6 11.Nxc4 Na6 12.Ne3 Qd8 13.a5 Nd5 14.Ng4 Bb4 15.e4 Ne7
16.Bf1 Bxa5 17.Bxa6 bxa6 18.O-O Bb6+ 19.Kg2 Rh5 20.b4 f5 21.exf5 gxf5 22.Ne5 Qd5
23.Bb2 Rd8 24.Nc4 Qxc4  0-1

[Event "BL2-O9394"]
[Site "Germany"]
[Date "1994.??.??"]
[Round "?"]
[White "Zude, Erik"]
[Black "Goehring, Karl Heinz"]
[Result "1-0"]
[WhiteElo "2370"]
[BlackElo "2310"]

1.Nf3 d5 2.c4 e6 3.g3 Nf6 4.Bg2 Be7 5.b3 O-O 6.O-O c5 7.Bb2 Nc6 8.e3 b6 9.Qe2 Bb7
10.Rd1 Rc8 11.d3 Qc7 12.Nc3 Rfd8 13.cxd5 Nxd5 14.Nxd5 Rxd5 15.d4 cxd4 16.exd4 Rcd8
17.Rac1 Qb8 18.h4 h6 19.Qe3 Ra5 20.d5 exd5 21.Rxc6 Bxc6 22.Qxe7 Rxa2 23.Ne5 Be8
24.Bxd5  1-0

[Event "BL2-S9394"]
[Site "Germany"]
[Date "1994.??.??"]
[Round "?"]
[White "Gschnitzer, Oswald"]
[Black "Bachmayr, Peter"]
[Result "1/2-1/2"]
[WhiteElo "2465"]
[BlackElo "2270"]

1.Nf3 d5 2.c4 e6 3.d4 c5 4.cxd5 exd5 5.g3 Nc6 6.Bg2 Nf6 7.O-O Be7 8.Nc3 O-O
9.Bg5 c4 10.Ne5 Be6 11.Nxc6 bxc6 12.b3 Qa5 13.Na4 Rfd8 14.Qc2 Rac8 15.Rfd1 c5
16.Nxc5 Bxc5 17.dxc5 Qxc5 18.Bxf6 gxf6 19.e3 d4 20.Rxd4 Rxd4 21.exd4 Qxd4
22.Rd1 Qe5 23.bxc4 Rxc4 24.Qd2 Kg7  1/2-1/2

[Event "Wuerttemberg-Hessen"]
[Site "Germany"]
[Date "1994.??.??"]
[Round "?"]
[White "Schmitt, Axel"]
[Black "Ginsburg, Gennadij"]
[Result "1/2-1/2"]
[WhiteElo "2345"]
[BlackElo "2430"]

1.Nf3 d5 2.c4 e6 3.g3 c5 4.Bg2 Nc6 5.O-O Nf6 6.cxd5 exd5 7.d4 Be7 8.Nc3 O-O
9.Bg5 cxd4 10.Nxd4 h6 11.Be3 Bg4 12.Qa4 Qd7 13.Bxd5 Nxd4 14.Qxd4 Rfd8 15.Rfd1 Qf5
16.Qf4 Nxd5 17.Qxf5 Bxf5 18.Nxd5 Bf8 19.f3 Rd7 20.Bf2 b6 21.e4 Be6 22.a4 Rad8
23.a5 Bxd5 24.Rxd5 Rxd5 25.exd5 Bc5 26.axb6 axb6 27.Rd1 Kf8 28.Kf1 Bxf2 29.Kxf2 Ke7
30.Ke3 Rc8 31.Ra1 Rc2 32.Ra7+ Kf6 33.d6 Rxh2 34.Re7 Rh1 35.Rb7 Re1+ 36.Kd2 Rg1
37.Re7 Rg2+ 38.Ke3 Rg1 39.Kd2 Rg2+ 40.Ke3 Rg1 41.Ke2 Rg2+ 42.Kd3 Rg1 43.Kc2 Rg2+
44.Kd3 Rg1 45.Kc2 Rg2+ 46.Kd3  1/2-1/2

[Event "BL2-W9394"]
[Site "Germany"]
[Date "1994.??.??"]
[Round "?"]
[White "Legde, Georg"]
[Black "Kishnev, Sergey"]
[Result "0-1"]
[WhiteElo "2265"]
[BlackElo "2470"]

1.Nf3 d5 2.c4 d4 3.e3 c5 4.exd4 cxd4 5.d3 Nc6 6.g3 e5 7.Bg2 Bd6 8.O-O Nge7
9.Nbd2 O-O 10.Ne4 Bc7 11.a3 a5 12.Rb1 Rb8 13.Qa4 f5 14.Ned2 Bd7 15.Qc2 Kh8
16.Re1 h6 17.c5 Ng6 18.b4 axb4 19.axb4 Na7 20.Nc4 Qf6 21.h4 e4 22.dxe4 fxe4
23.Rxe4 Bf5 24.b5 Rbe8 25.Ncd2 Ba5 26.Qd3 Bc3 27.Ba3 Ne5 28.Nxe5 Rxe5 29.c6 Rfe8
30.Rxe5 Qxe5 31.Ne4 bxc6 32.b6 Nb5  0-1